000 00557nam a2200205Ia 4500
003 OSt
005 20220926045325.0
006 a|||||r|||| 00| 0
007 ta
008 220923b |||||||| |||| 00| 0 eng d
037 _cGeneral Book
040 _aRTL
_cRTL
_beng
041 _2eng
_aeng
082 _aY12:(U42).41.N7, L5
100 _aSeybolt Peter J Ed.
_9350081
245 0 _aRustication of urban youth in china
260 _c1975
942 _hY12:(U42).41.N7, L5
_cGB
_2CC
999 _c677317
_d677317